Follow That Line: Back to the Future Quiz Stats

 Plays Quiz Updated Feb 17, 2019

Support Sporcle.
Go Orange.
Score 0/25 Timer 08:00
4 Plays Today
% Correct
Well, that is your name, isn't it? Calvin Klein? It's written all over your underwear.
96.8%
You want a Pepsi, pal, you're gonna pay for it.
96.7%
Roads? Where we're going we don't need roads.
96.5%
Who the hell is John F. Kennedy?
96.4%
What's a rerun?
96.3%
No, no, it was the Enchantment Under the Sea dance.
96.2%
My brother.
96.2%
What the hell is a gigawatt?
96.1%
There's that word again: 'heavy.' Why are things so heavy in the future? Is there a problem with the Earth's gravitational pull?
96%
And get outta here!
95.8%
You can accomplish anything.
95.6%
You're going to see some serious !@*#.
94.8%
The way I see it, if you're going to build a time machine into a car, why not do it with some style?
94.2%
% Correct
Yes. Yes. I'm George. George McFly. I'm your density. I mean, your destiny.
94.1%
I think the appropriate question is *when* the hell are they.
93.9%
Yeah, well uh, lets keep this brain melting stuff to ourselves, okay?
93.7%
Yes. Yes, goddamn-it George, swear.
93.3%
Good, you could start by sweeping the floor.
93.3%
He had this crazy idea about breeding pine trees.
93.2%
Chocolate.
93.2%
Over there, on my hope chest.
92%
He's an idiot. Comes from upbringing. His parents are probably idiots too.
90.3%
Well, I figured, what the hell!
86.7%
Better get used to these bars, kid.
83.8%
Jesus, didn't that guy ever have hair?
81.9%

From the Vault

Correctly Spelled State Capitals

by Sssophie

Geography 90s
Please, we all know the capital of State is S.
Remove Ads.
Support Sporcle.
Get the best of Sporcle when you Go Orange. This ad-free experience offers more features, more stats, and more fun while also helping to support Sporcle. Thank you for becoming a member.

Show Comments

Extras

Top Quizzes Today


Score Distribution

Your Account Isn't Verified!

In order to create a playlist on Sporcle, you need to verify the email address you used during registration. Go to your Sporcle Settings to finish the process.

Report this User

Report this user for behavior that violates our Community Guidelines.

Details: